000 00800nam a2200241 i 4500
001 52728
003 ES-MaACL
005 20230906162633.0
007 t|
008 030903s1972 xxc ||||1| fre d
100 1 _aDecarie, Vianney.
_943153
245 1 2 _aL'objet de la métaphysique selon Aristote /
_cpar Vianney Décarie.
250 _a2e ed.
260 _aMontréal :
_bInstitut d'Estudis Médiévales,
_c1972.
300 _aXXIX, 196 p. ;
_c25 cm.
490 1 _aPublications de l'Institut d'Etudes Médiévales ;
_v16
500 _aIndices.
504 _aBibliografía.
710 2 _aInstitut d'Etudes Médiévales (Montréal)
_94748
830 0 _aPublications de l'Institut d'Etudes Médiévales ;
_v16
_9230216
852 _aES-MaACL
_jL-11857
_bR.113815
999 _c52728
_d52728